| 000 | 00000nam 2200000zi 4500 |
| 001 | 9.937052 |
| 003 | CaOODSP |
| 005 | 20251103145140 |
| 006 | m o d f |
| 007 | cr |n||||||||| |
| 008 | 240418e199309##onc o f000 0 fre d |
| 040 | |aCaOODSP|bfre|erda|cCaOODSP |
| 043 | |an-cn--- |
| 086 | 1 |aJ2-911/1993F-PDF |
| 245 | 00|aÉtude des parajuridiques : |bun examen / |cSection de l'évaluation des programmes. |
| 264 | 1|a[Ottawa] : |bMinistère de la justice Canada, Burean de l'examen = Bureau of Review, Department of Justice, |cseptembre 1993. |
| 300 | |a1 ressource en ligne (1 volume, en paginations multiple) |
| 336 | |atexte|btxt|2rdacontent/fre |
| 337 | |ainformatique|bc|2rdamedia/fre |
| 338 | |aressource en ligne|bcr|2rdacarrier/fre |
| 500 | |aPublié aussi en anglais sous le titre : Study of paralegals : a review study. |
| 500 | |aÉdition numérisée de l'imprimé [par Ministère de la Justice Canada]. |
| 500 | |aTitre de la couverture. |
| 650 | 6|aTechniciens juridiques|zCanada. |
| 650 | 6|aTechniciennes juridiques|zCanada. |
| 650 | 6|aDroit|xPratique|zCanada. |
| 710 | 1 |aCanada. |bMinistère de la justice, |eorganisme de publication. |
| 775 | 08|tStudy of paralegals : |w(CaOODSP)9.937053 |
| 856 | 40|qPDF|s2.82 Mo|uhttps://publications.gc.ca/collections/collection_2024/jus/J2-911-1993-fra.pdf |